| 000 | 00471nam a2200157 i 4500 | ||
|---|---|---|---|
| 001 | 84465 | ||
| 003 | ES-MaACL | ||
| 005 | 20230906175023.0 | ||
| 007 | t| | ||
| 008 | 041122s1972 sp ||||1| spa d | ||
| 100 | 1 |
_aJimeno Valdés, Agustín. _966658 |
|
| 245 | 1 | 0 |
_aCuatro lecciones sobre educación sexual / _cAgustín Jimeno Valdés. |
| 260 |
_a[Zalla (Vizcaya)] : _bEdiciones Paulinas, _c[1972] |
||
| 300 |
_a138 p. ; _c20 cm. |
||
| 852 |
_aES-MaACL _jC-45819 _bR.81618 |
||
| 999 |
_c84465 _d84465 |
||